000 00534nam a2200169 4500
001 139933
003 ES-MaACL
005 20230906195941.0
007 t|
008 070214s1968 sp r ||||1| spa d
100 1 _aScholz, Wilhelm von.
_9104644
245 1 0 _aCasualidad y destino
_b: miradas tras el telón de la vida /
_cWilhelm von Scholz ; traducción de Herminia Dauer.
260 _aBarcelona :
_bIberia,
_c1968.
300 _a274 p. ;
_c18 cm.
700 1 _aDauer, Herminia.
_942810
852 _aES-MaACL
_jC-35312
_bR.68208
999 _c139933
_d139933